000 00718nam a22002177a 4500
999 _c63726
_d63726
005 20240530110655.0
008 171219s2013 ua a f 000 0 ara d
017 _a2013/19421
_bمصر. دار الكتب
020 _a978977141044x
040 _aEG-CaGPL
_cEG-CaGPL
082 0 4 _221
_a746.4\
_bب غ
100 1 _aبول ، جين
245 1 0 _aغرزة بغرزة :
_bدليل المبتدئات لاشغال الابرة وفنون الحياكة /
_cجون بول .
250 _aط.1
260 _aالقاهرة :
_c2013 .
300 _a124 ص. ؛
_c28 سم.
650 0 7 _2qrmak
_aالاشغال اليدوية
651 _2qrmak
942 _2ddc
_cBK